<?xml version="1.0" encoding="UTF-8"?>
<record
    xmlns:xsi="http://www.w3.org/2001/XMLSchema-instance"
    xsi:schemaLocation="http://www.loc.gov/MARC21/slim http://www.loc.gov/standards/marcxml/schema/MARC21slim.xsd"
    xmlns="http://www.loc.gov/MARC21/slim">

  <leader>02881cam a2200313 i 4500</leader>
  <controlfield tag="003">SA-RiAUC</controlfield>
  <controlfield tag="005">20251001134638.0</controlfield>
  <controlfield tag="008">250729s2013    su a   g b    001 0cara c</controlfield>
  <datafield tag="040" ind1=" " ind2=" ">
    <subfield code="a">SA-JeALM</subfield>
    <subfield code="b">ara</subfield>
    <subfield code="c">SA-RiAUC</subfield>
    <subfield code="e">rda</subfield>
  </datafield>
  <datafield tag="043" ind1=" " ind2=" ">
    <subfield code="a">a-su---</subfield>
  </datafield>
  <datafield tag="082" ind1="0" ind2="4">
    <subfield code="a">922.1</subfield>
    <subfield code="q">SA-RiAUC</subfield>
  </datafield>
  <datafield tag="090" ind1=" " ind2=" ">
    <subfield code="a">922.1</subfield>
    <subfield code="b">&#x62C; &#x644; &#x648;</subfield>
  </datafield>
  <datafield tag="100" ind1="1" ind2=" ">
    <subfield code="a">&#x62C;&#x644;&#x648;&#x646;&#x60C; &#x639;&#x62F;&#x646;&#x627;&#x646; &#x628;&#x646; &#x62F;&#x631;&#x648;&#x64A;&#x634; &#x628;&#x646; &#x639;&#x628;&#x62F; &#x627;&#x644;&#x63A;&#x646;&#x64A;</subfield>
    <subfield code="e">&#x645;&#x624;&#x644;&#x641;.</subfield>
  </datafield>
  <datafield tag="245" ind1="1" ind2="0">
    <subfield code="a">&#x623;&#x626;&#x645;&#x629; &#x648;&#x62E;&#x637;&#x628;&#x627;&#x621; &#x648;&#x645;&#x624;&#x630;&#x646;&#x648; &#x627;&#x644;&#x645;&#x633;&#x62C;&#x62F; &#x627;&#x644;&#x646;&#x628;&#x648;&#x64A; &#x627;&#x644;&#x634;&#x631;&#x64A;&#x641; /</subfield>
    <subfield code="c">&#x62C;&#x645;&#x639;&#x647;&#x627; &#x648;&#x631;&#x62A;&#x628;&#x647;&#x627; &#x648;&#x639;&#x644;&#x642; &#x639;&#x644;&#x64A;&#x647;&#x627; &#x623;. &#x62F;. &#x639;&#x62F;&#x646;&#x627;&#x646; &#x628;&#x646; &#x62F;&#x631;&#x648;&#x64A;&#x634; &#x628;&#x646; &#x639;&#x628;&#x62F; &#x627;&#x644;&#x63A;&#x646;&#x64A; &#x62C;&#x644;&#x648;&#x646;.</subfield>
  </datafield>
  <datafield tag="250" ind1=" " ind2=" ">
    <subfield code="a">&#x627;&#x644;&#x637;&#x628;&#x639;&#x629; &#x627;&#x644;&#x623;&#x648;&#x644;&#x649;.</subfield>
  </datafield>
  <datafield tag="264" ind1=" " ind2="1">
    <subfield code="a">&#x627;&#x644;&#x645;&#x62F;&#x64A;&#x646;&#x629; &#x627;&#x644;&#x645;&#x646;&#x648;&#x631;&#x629; :</subfield>
    <subfield code="b">[&#x627;&#x644;&#x646;&#x627;&#x634;&#x631; &#x63A;&#x64A;&#x631; &#x645;&#x62D;&#x62F;&#x62F;]&#x60C;</subfield>
    <subfield code="c">2013</subfield>
  </datafield>
  <datafield tag="300" ind1=" " ind2=" ">
    <subfield code="a">751 &#x635;&#x641;&#x62D;&#x629; :</subfield>
    <subfield code="b">&#x625;&#x64A;&#x636;&#x627;&#x62D;&#x64A;&#x627;&#x62A; &#x61B;</subfield>
    <subfield code="c">25 &#xD7; 18 &#x633;&#x645;</subfield>
  </datafield>
  <datafield tag="336" ind1=" " ind2=" ">
    <subfield code="a">&#x646;&#x635;</subfield>
    <subfield code="b">txt</subfield>
    <subfield code="2">rdacontent</subfield>
    <subfield code="3">&#x643;&#x62A;&#x627;&#x628;</subfield>
  </datafield>
  <datafield tag="337" ind1=" " ind2=" ">
    <subfield code="a">&#x628;&#x62F;&#x648;&#x646; &#x648;&#x633;&#x64A;&#x637;</subfield>
    <subfield code="b">n</subfield>
    <subfield code="2">rdamedia</subfield>
  </datafield>
  <datafield tag="338" ind1=" " ind2=" ">
    <subfield code="a">&#x645;&#x62C;&#x644;&#x62F;</subfield>
    <subfield code="b">nc</subfield>
    <subfield code="2">rdacarrier</subfield>
  </datafield>
  <datafield tag="500" ind1=" " ind2=" ">
    <subfield code="a">&#x625;&#x647;&#x62F;&#x627;&#x621; &#x645;&#x646; &#x627;&#x644;&#x645;&#x624;&#x644;&#x641; &#x639;&#x62F;&#x646;&#x627;&#x646; &#x628;&#x646; &#x62F;&#x631;&#x648;&#x64A;&#x634; &#x628;&#x646; &#x639;&#x628;&#x62F; &#x627;&#x644;&#x63A;&#x646;&#x64A; &#x62C;&#x644;&#x648;&#x646; &#x628;&#x62A;&#x627;&#x631;&#x64A;&#x62E; 1435/11/5 &#x647;&#x640;</subfield>
  </datafield>
  <datafield tag="504" ind1=" " ind2=" ">
    <subfield code="a">&#x628;&#x628;&#x644;&#x64A;&#x648;&#x62C;&#x631;&#x627;&#x641;&#x64A;&#x629; : &#x635;&#x641;&#x62D;&#x629; 739-748.</subfield>
  </datafield>
  <datafield tag="520" ind1=" " ind2=" ">
    <subfield code="a">&#x64A;&#x647;&#x62F;&#x641; &#x647;&#x630;&#x627; &#x627;&#x644;&#x643;&#x62A;&#x627;&#x628; &#x644;&#x625;&#x628;&#x631;&#x627;&#x632; &#x627;&#x644;&#x62F;&#x648;&#x627;&#x631; &#x627;&#x644;&#x62A;&#x64A; &#x628;&#x630;&#x644;&#x647;&#x627; &#x627;&#x644;&#x623;&#x62C;&#x62F;&#x627;&#x62F; &#x648;&#x627;&#x644;&#x623;&#x62D;&#x641;&#x627;&#x62F; &#x645;&#x646; &#x627;&#x644;&#x623;&#x626;&#x645;&#x629; &#x648;&#x627;&#x644;&#x62E;&#x637;&#x628;&#x627;&#x621; &#x648;&#x627;&#x644;&#x645;&#x624;&#x630;&#x646;&#x64A;&#x646; &#x627;&#x644;&#x630;&#x64A;&#x646; &#x62D;&#x627;&#x641;&#x638;&#x648;&#x627; &#x639;&#x644;&#x649; &#x627;&#x644;&#x62A;&#x623;&#x633;&#x64A; &#x628;&#x645;&#x646;&#x647;&#x62C; &#x633;&#x64A;&#x62F;&#x646;&#x627; &#x631;&#x633;&#x648;&#x644; &#x627;&#x644;&#x644;&#x647; &#x635;&#x644;&#x649; &#x627;&#x644;&#x644;&#x647; &#x639;&#x644;&#x64A;&#x647; &#x648;&#x633;&#x644;&#x645;&#x60C; &#x648;&#x62A;&#x628;&#x639;&#x647; &#x627;&#x644;&#x635;&#x62D;&#x627;&#x628;&#x629; &#x627;&#x644;&#x643;&#x631;&#x627;&#x645; &#x648;&#x627;&#x644;&#x62A;&#x627;&#x628;&#x639;&#x64A;&#x646; &#x648;&#x645;&#x646; &#x62A;&#x628;&#x639;&#x647;&#x645; &#x628;&#x625;&#x62D;&#x633;&#x627;&#x646; &#x625;&#x644;&#x649; &#x64A;&#x648;&#x645; &#x627;&#x644;&#x62F;&#x64A;&#x646;. &#x641;&#x633;&#x627;&#x647;&#x645;&#x648;&#x627; &#x628;&#x631;&#x641;&#x639; &#x643;&#x644;&#x645;&#x629; &#x644;&#x62A;&#x648;&#x62D;&#x64A;&#x62F; &#x625;&#x646;&#x637;&#x644;&#x627;&#x642;&#x627; &#x645;&#x646; &#x627;&#x644;&#x645;&#x633;&#x62C;&#x62F; &#x627;&#x644;&#x646;&#x628;&#x648;&#x64A; &#x627;&#x644;&#x634;&#x631;&#x64A;&#x641; &#x628;&#x627;&#x644;&#x645;&#x62F;&#x64A;&#x646;&#x629; &#x627;&#x644;&#x645;&#x646;&#x648;&#x631;&#x629; &#x625;&#x644;&#x649; &#x62C;&#x645;&#x64A;&#x639; &#x623;&#x631;&#x62C;&#x627;&#x621; &#x627;&#x644;&#x645;&#x639;&#x645;&#x648;&#x631;&#x629;&#x60C; &#x648;&#x642;&#x62F; &#x633;&#x627;&#x647;&#x645;&#x62A; &#x639;&#x648;&#x627;&#x626;&#x644; &#x645;&#x62F;&#x64A;&#x646;&#x64A;&#x629;&#x60C; &#x648;&#x634;&#x64A;&#x648;&#x62E; &#x648;&#x639;&#x644;&#x645;&#x627;&#x621; &#x645;&#x62A;&#x645;&#x64A;&#x632;&#x648;&#x646; &#x645;&#x646; &#x645;&#x62E;&#x62A;&#x644;&#x641; &#x627;&#x644;&#x637;&#x628;&#x642;&#x627;&#x62A; &#x648;&#x627;&#x644;&#x62C;&#x646;&#x633;&#x64A;&#x627;&#x62A; &#x627;&#x634;&#x62A;&#x647;&#x631;&#x648;&#x627; &#x628;&#x62E;&#x637;&#x64A;&#x647;&#x645; &#x627;&#x644;&#x645;&#x648;&#x632;&#x648;&#x646;&#x629; &#x627;&#x644;&#x647;&#x627;&#x62F;&#x641;&#x629; &#x648;&#x628;&#x623;&#x635;&#x648;&#x627;&#x62A;&#x647;&#x645; &#x627;&#x644;&#x646;&#x62F;&#x64A;&#x629;&#x60C; &#x641;&#x62E;&#x641;&#x642;&#x62A; &#x627;&#x644;&#x642;&#x644;&#x648;&#x628; &#x648;&#x633;&#x645;&#x62A; &#x627;&#x644;&#x645;&#x634;&#x627;&#x639;&#x631;&#x60C; &#x648;&#x643;&#x627;&#x646;&#x62A; &#x648;&#x644;&#x627; &#x632;&#x627;&#x644;&#x62A; &#x630;&#x643;&#x631;&#x64A;&#x627;&#x62A; &#x623;&#x633;&#x645;&#x627;&#x621; &#x62A;&#x62A;&#x631;&#x62F;&#x62F; &#x639;&#x628;&#x631; &#x627;&#x644;&#x62A;&#x627;&#x631;&#x64A;&#x62E; &#x646;&#x633;&#x64A;&#x647;&#x627; &#x627;&#x644;&#x643;&#x62B;&#x64A;&#x631; &#x645;&#x645;&#x646; &#x642;&#x628;&#x644;&#x646;&#x627; &#x648;&#x645;&#x646;&#x627; &#x648;&#x623;&#x646; &#x627;&#x644;&#x623;&#x648;&#x627;&#x646; &#x648;&#x628;&#x62A;&#x648;&#x641;&#x64A;&#x642; &#x627;&#x644;&#x644;&#x647;&#x60C; &#x641;&#x647;&#x630;&#x64A;&#x62A; &#x628;&#x641;&#x636;&#x644;&#x647; &#x633;&#x628;&#x62D;&#x627;&#x646;&#x647; &#x648;&#x62A;&#x639;&#x627;&#x644;&#x649; &#x644;&#x641;&#x62A;&#x62D; &#x647;&#x630;&#x627; &#x627;&#x644;&#x645;&#x644;&#x641;. &#x648;&#x628;&#x62F;&#x623;&#x62A; &#x628;&#x62C;&#x645;&#x639; &#x645;&#x627; &#x627;&#x633;&#x62A;&#x637;&#x639;&#x62A; &#x639;&#x628;&#x631; &#x627;&#x644;&#x62A;&#x627;&#x631;&#x64A;&#x62E; &#x628;&#x645;&#x633;&#x627;&#x647;&#x645;&#x629; &#x645;&#x62C;&#x645;&#x648;&#x639;&#x629; &#x645;&#x646; &#x623;&#x62D;&#x628;&#x629; &#x637;&#x64A;&#x628;&#x629; &#x627;&#x644;&#x637;&#x64A;&#x628;&#x629; &#x641;&#x62C;&#x645;&#x639;&#x646;&#x627; &#x628;&#x639;&#x636; &#x645;&#x627; &#x62D;&#x642;&#x642; &#x623;&#x62D;&#x644;&#x627;&#x645; &#x627;&#x644;&#x645;&#x62F;&#x64A;&#x646;&#x64A;&#x64A;&#x646;&#x60C; &#x648;&#x637;&#x647;&#x631; &#x623;&#x648;&#x644; &#x643;&#x62A;&#x627;&#x628; &#x645;&#x648;&#x633;&#x648;&#x639;&#x64A; &#x639;&#x646;&#x648;&#x646;&#x62A;&#x647; &#x628;&#x640; "&#x623;&#x626;&#x645;&#x629; &#x648;&#x62E;&#x637;&#x628;&#x627;&#x621; &#x648;&#x645;&#x624;&#x630;&#x646;&#x648; &#x627;&#x644;&#x645;&#x633;&#x62C;&#x62F; &#x627;&#x644;&#x646;&#x628;&#x648;&#x64A; &#x627;&#x644;&#x634;&#x631;&#x64A;&#x641;.</subfield>
  </datafield>
  <datafield tag="546" ind1=" " ind2=" ">
    <subfield code="a">&#x645;&#x644;&#x62E;&#x635; &#x628;&#x627;&#x644;&#x644;&#x63A;&#x62A;&#x64A;&#x646; &#x627;&#x644;&#x639;&#x631;&#x628;&#x64A;&#x629; &#x648;&#x627;&#x644;&#x625;&#x646;&#x62C;&#x644;&#x64A;&#x632;&#x64A;&#x629;.</subfield>
  </datafield>
  <datafield tag="610" ind1="2" ind2="7">
    <subfield code="a">&#x627;&#x644;&#x645;&#x633;&#x62C;&#x62F; &#x627;&#x644;&#x646;&#x628;&#x648;&#x64A; &#x627;&#x644;&#x634;&#x631;&#x64A;&#x641;</subfield>
    <subfield code="v">&#x62A;&#x631;&#x627;&#x62C;&#x645;</subfield>
    <subfield code="2">aucnm</subfield>
  </datafield>
  <datafield tag="650" ind1=" " ind2="7">
    <subfield code="a">&#x627;&#x644;&#x639;&#x644;&#x645;&#x627;&#x621; &#x627;&#x644;&#x645;&#x633;&#x644;&#x645;&#x648;&#x646;</subfield>
    <subfield code="z">&#x627;&#x644;&#x633;&#x639;&#x648;&#x62F;&#x64A;&#x629;</subfield>
    <subfield code="v">&#x62A;&#x631;&#x627;&#x62C;&#x645;</subfield>
    <subfield code="2">aucsh</subfield>
  </datafield>
  <datafield tag="942" ind1=" " ind2=" ">
    <subfield code="2">ddc</subfield>
    <subfield code="c">BOOK</subfield>
    <subfield code="n">0</subfield>
  </datafield>
  <datafield tag="949" ind1=" " ind2=" ">
    <subfield code="a">SA-JeALM</subfield>
    <subfield code="d">250729</subfield>
    <subfield code="u">mohamedma123</subfield>
    <subfield code="n">1</subfield>
  </datafield>
  <datafield tag="952" ind1=" " ind2=" ">
    <subfield code="0">0</subfield>
    <subfield code="1">0</subfield>
    <subfield code="2">ddc</subfield>
    <subfield code="4">0</subfield>
    <subfield code="7">0</subfield>
    <subfield code="a">WAHAB</subfield>
    <subfield code="b">WAHAB</subfield>
    <subfield code="d">2025-10-01</subfield>
    <subfield code="l">0</subfield>
    <subfield code="o">922.1  &#x62C; &#x644; &#x648;</subfield>
    <subfield code="p">000019798</subfield>
    <subfield code="r">2025-10-01 13:47:20</subfield>
    <subfield code="w">2025-10-01</subfield>
    <subfield code="y">BOOK</subfield>
  </datafield>
  <datafield tag="999" ind1=" " ind2=" ">
    <subfield code="c">12296</subfield>
    <subfield code="d">12296</subfield>
  </datafield>
</record>
